| 000 | 00418nam a2200145 i 4500 | ||
|---|---|---|---|
| 001 | 61106 | ||
| 003 | ES-MaACL | ||
| 005 | 20230906164355.0 | ||
| 007 | t| | ||
| 008 | 031110s1962 sp ||||1| spa d | ||
| 245 | 0 | 0 |
_aEstados Unidos _b: exploración espacial. |
| 260 |
_aMadrid : _bCasa Americana, Embajada de los Estados Unidos, _c1962. |
||
| 300 |
_a40 p. : _bil. ; _c22 cm. |
||
| 852 |
_aES-MaACL _j2029-F-4 _bR.50639 |
||
| 999 |
_c61106 _d61106 |
||